Land application of sewage effluents and sludges: selected abstract (Record no. 588317)

MARC details
000 -LEADER
fixed length control field 01063namaa2200313 a 4500
001 - CONTROL NUMBER
control field vtls001299951
003 - CONTROL NUMBER IDENTIFIER
control field NLI
005 - DATE AND TIME OF LATEST TRANSACTION
control field 20210627043225.0
008 - FIXED-LENGTH DATA ELEMENTS--GENERAL INFORMATION
fixed length control field 120418s1974 dcua i000 0 eng
039 #9 - LEVEL OF BIBLIOGRAPHIC CONTROL AND CODING DETAIL [OBSOLETE]
-- 201204181907
-- VLOAD
040 0# - CATALOGING SOURCE
Original cataloging agency NLI
Transcribing agency VTLS-2012_FOD
Description conventions AACR2
041 0# - LANGUAGE CODE
Language code of text/sound track or separate title eng
044 ## - COUNTRY OF PUBLISHING/PRODUCING ENTITY CODE
MARC country code dcua
082 04 - DEWEY DECIMAL CLASSIFICATION NUMBER
Classification number 363.7284
110 1# - MAIN ENTRY--CORPORATE NAME
Corporate name or jurisdiction name as entry element United States.
Subordinate unit National Environmental Research Laboratory
9 (RLIN) 713502
245 10 - TITLE STATEMENT
Title Land application of sewage effluents and sludges: selected abstract
Inclusive dates 1974
260 ## - PUBLICATION, DISTRIBUTION, ETC.
Place of publication, distribution, etc. Washington, D.C. :
Name of publisher, distributor, etc. United States Environmental Protection Agency,
Date of publication, distribution, etc. 1974
300 ## - PHYSICAL DESCRIPTION
Extent xxiv, 248 p. :
Other physical details ill. ;
Dimensions 29 cm.
440 #0 - SERIES STATEMENT/ADDED ENTRY--TITLE
Title Environmental protection technology series
500 ## - GENERAL NOTE
General note EPA-600/2-74-042
504 ## - BIBLIOGRAPHY, ETC. NOTE
Bibliography, etc. note Includes bibliographical references
650 #0 - SUBJECT ADDED ENTRY--TOPICAL TERM
Topical term or geographic name entry element Sewage effluents
9 (RLIN) 713503
650 #0 - SUBJECT ADDED ENTRY--TOPICAL TERM
Topical term or geographic name entry element Pollution
710 1# - ADDED ENTRY--CORPORATE NAME
Corporate name or jurisdiction name as entry element United States.
Subordinate unit Environmental Protection Agency.
-- Office of Research and Monitoring
887 ## - NON-MARC INFORMATION FIELD
Content of non-MARC field
901 ## - LOCAL DATA ELEMENT A, LDA (RLIN)
a AD 53025
b 24.03.1975
902 ## - LOCAL DATA ELEMENT B, LDB (RLIN)
a U.S 363.7284 Un 3 la
942 ## - ADDED ENTRY ELEMENTS (KOHA)
Source of classification or shelving scheme Dewey Decimal Classification
Koha item type Books
Holdings
Withdrawn status Lost status Damaged status Not for loan Collection code Home library Current library Shelving location Date acquired Total Checkouts Full call number Date last seen Price effective from Koha item type
          National Library of India National Library of India       U.S 363.7284 Un 3 la 27/06/2021 27/06/2021 Books
                                                                           
web counter

Copyright ©2020 The National Library of India, Govt. of India ↔ Hosted by NVLI, MOC ↔ Technology and Design by National Library of India, Ministry of Culture, Govt. of India